000
00284nam a22001337a 4500
008
171004b xxu||||| |||| 00| 0 eng d
020
_a
0674586611
041
_a
eng
080
_a
159.9
100
_a
48
101
_a
PSI
245
_a
MORAL EDUCATION
_c
SIZER,TH.R
942
_2
udc
_c
BK
999
_c
31578
_d
31578